[Event "Erfurt MT op 26th"]
[Site "Erfurt"]
[Date "2016.12.30"]
[Round "8"]
[White "Zelbel, Patrick"]
[Black "Friedrich, Wiede"]
[Result "1/2-1/2"]
[WhiteElo "2448"]
[BlackElo "2302"]
[PlyCount "81"]
[EventDate "2016.12.26"]
[EventType "swiss"]
[EventRounds "8"]
[EventCountry "GER"]
[SourceTitle "CBM 176 Extra"]
[Source "ChessBase"]
[SourceDate "2017.03.02"]
[SourceVersion "1"]
[SourceVersionDate "2017.03.02"]
[SourceQuality "1"]

1. e4 e5 2. Nf3 Nc6 3. Bc4 Bc5 4. 0-0 Nf6 5. d3 d6 6. c3 a6 7. a4 Ba7 8. Na3 Ne7 9. Nc2 0-0 10. Be3 Bb8 11. Re1 Ng6 12. h3 c6 13. Ba2 Re8 14. b4 d5 15. a5 h6 16. Bb6 Bc7 17. Bxc7 Qxc7 18. Nh2 Be6 19. Qf3 Rad8 20. Ne3 dxe4 21. dxe4 Bxa2 22. Rxa2 Qc8 23. Nf5 Nf4 24. Rd1 Rxd1+ 25. Qxd1 Qe6 26. Rd2 Nxe4 27. Rd8 Rxd8 28. Qxd8+ Kh7 29. Ne7 f6 30. Nf3 Qa2 31. Kh2 Nxf2 32. Nh4 Ne4 33. Qe8 Nd6 34. Qd8 Qe6 35. Kg1 e4 36. g3 e3 37. gxf4 e2 38. Qh8+ Kxh8 39. Nhg6+ Kh7 40. Nf8+ Kh8 41. Nfg6+ 1/2-1/2

[Event "Oberliga Ost-B 1617"]
[Site "Germany"]
[Date "2016.11.20"]
[Round "3.2"]
[White "Margolin, Boris"]
[Black "Friedrich, Wiede"]
[Result "1/2-1/2"]
[WhiteElo "2391"]
[BlackElo "2302"]
[PlyCount "72"]
[EventDate "2016.10.16"]
[EventType "team-tourn"]
[EventRounds "11"]
[EventCountry "GER"]
[SourceTitle "EXT 2018"]
[Source "ChessBase"]
[SourceDate "2017.10.13"]
[SourceVersion "1"]
[SourceVersionDate "2017.10.13"]
[SourceQuality "1"]
[WhiteTeam "Oberursel"]
[BlackTeam "Erfurt Empor"]
[WhiteTeamCountry "GER"]
[BlackTeamCountry "GER"]

1. e4 c5 2. Nf3 d6 3. c3 Nf6 4. Be2 g6 5. 0-0 Bg7 6. Bb5+ Nc6 7. Re1 0-0 8. h3 Bd7 9. d4 Nxd4 10. Nxd4 cxd4 11. Bxd7 Nxd7 12. cxd4 Qb6 13. Be3 Qxb2 14. Nd2 Qa3 15. Rb1 Nb6 16. Qb3 Qxb3 17. Rxb3 Rfc8 18. a4 Rc7 19. Reb1 Nxa4 20. Rxb7 Rxb7 21. Rxb7 Nc3 22. Nb3 e6 23. f3 a5 24. Nxa5 Nd1 25. Bd2 Bxd4+ 26. Kh2 Be5+ 27. Kg1 Bd4+ 28. Kh2 Be5+ 29. Kg1 Bc3 30. Bxc3 Nxc3 31. Nc4 Rd8 32. Kf2 Na4 33. Rb4 Nc5 34. Rb5 Kf8 35. Ke3 Rd7 36. Nxd6 Rxd6 1/2-1/2

[Event "Oberliga Ost-B 1516"]
[Site "Germany"]
[Date "2016.04.10"]
[Round "11.3"]
[White "Staller, Peter"]
[Black "Friedrich, Wiede"]
[Result "1-0"]
[WhiteElo "2244"]
[BlackElo "2249"]
[PlyCount "91"]
[EventDate "2015.09.20"]
[EventType "team-tourn"]
[EventRounds "11"]
[EventCountry "GER"]
[SourceTitle "EXT 2017"]
[Source "ChessBase"]
[SourceDate "2016.10.25"]
[SourceVersion "1"]
[SourceVersionDate "2016.10.25"]
[SourceQuality "1"]
[WhiteTeam "Nied"]
[BlackTeam "Erfurt Empor"]
[WhiteTeamCountry "GER"]
[BlackTeamCountry "GER"]

1. Nf3 d5 2. g3 Nf6 3. Bg2 c5 4. 0-0 Nc6 5. d4 cxd4 6. Nxd4 e5 7. Nxc6 bxc6 8. c4 Rb8 9. Nc3 d4 10. Ne4 Nxe4 11. Bxe4 Qb6 12. Qd3 g6 13. Qf3 f5 14. Bxc6+ Kf7 15. Bd5+ Kg7 16. Rb1 a5 17. e4 Bc5 18. Qd3 Rf8 19. f4 Bd6 20. Bd2 fxe4 21. Bxe4 exf4 22. gxf4 Bf5 23. Bxf5 Rxf5 24. b3 Rbf8 25. Qe4 g5 26. fxg5 Bxh2+ 27. Kg2 Re5 28. Qd3 Qe6 29. Rxf8 Kxf8 30. Rf1+ Kg8 31. Qf3 Re2+ 32. Rf2 Rxf2+ 33. Kxf2 Be5 34. Qd5 Qxd5 35. cxd5 a4 36. bxa4 Kf7 37. Kf3 Bd6 38. Ke4 Bc5 39. a5 Ke7 40. Bf4 Kd7 41. Be5 Be7 42. Bf6 h5 43. Bxe7 h4 44. Bf6 d3 45. Kxd3 Kd6 46. Kd4 1-0

[Event "GER-chT U20"]
[Site "Osnabrueck"]
[Date "2015.12.27"]
[Round "2.1"]
[White "Friedrich, Wiede"]
[Black "Perestjuk, Marko"]
[Result "1-0"]
[WhiteElo "2228"]
[BlackElo "2174"]
[PlyCount "127"]
[EventDate "2015.12.27"]
[EventType "team-swiss"]
[EventRounds "7"]
[EventCountry "GER"]
[SourceTitle "EXT 2017"]
[Source "ChessBase"]
[SourceDate "2016.10.25"]
[SourceVersion "1"]
[SourceVersionDate "2016.10.25"]
[SourceQuality "1"]
[WhiteTeam "Potsdam"]
[BlackTeam "Spandau Zitadelle"]
[WhiteTeamCountry "GER"]
[BlackTeamCountry "GER"]

1. e4 c5 2. Nf3 d6 3. d4 cxd4 4. Nxd4 Nf6 5. Nc3 a6 6. Be3 e5 7. Nb3 Be6 8. f3 Be7 9. Qd2 0-0 10. 0-0-0 Nbd7 11. g4 b5 12. Nd5 Bxd5 13. exd5 Nb6 14. Bxb6 Qxb6 15. h4 a5 16. Qd3 b4 17. Nd2 Rfc8 18. Ne4 a4 19. Kb1 b3 20. cxb3 axb3 21. Qxb3 Qa5 22. Bb5 Nxe4 23. fxe4 Bd8 24. g5 Bb6 25. Bc6 Rab8 26. Qb5 Qa7 27. Qa4 Ba5 28. Rh3 Rb4 29. Qc2 Rcb8 30. b3 Bb6 31. Rf3 Bd4 32. Rdf1 Qa3 33. h5 Rc4 34. Qe2 Rcb4 35. Qc2 Rc4 36. Qd2 Rcb4 37. Re1 Qa5 38. Re2 Qc5 39. Qc2 Rc4 40. Qd1 Rc3 41. Rc2 Rxc2 42. Qxc2 Qa5 43. Rf1 Qa6 44. Rd1 Qa3 45. Bb5 h6 46. g6 f6 47. Rd2 Qa8 48. Bc4 Kf8 49. Qd1 Qa5 50. Rc2 Qb4 51. Qd2 Qa3 52. Qc1 Qa5 53. a3 Ra8 54. Ka2 Bc5 55. a4 Qb4 56. Qd2 Qb6 57. Bf1 Ra7 58. Qd3 Qb4 59. Qb5 Qxe4 60. Rxc5 dxc5 61. Qb8+ Ke7 62. Qxa7+ Kd6 63. Qb6+ Ke7 64. Qc7+ 1-0

[Event "GER-chT U20"]
[Site "Osnabrueck"]
[Date "2015.12.27"]
[Round "1.1"]
[White "Pauly, Carlo"]
[Black "Friedrich, Wiede"]
[Result "0-1"]
[WhiteElo "2239"]
[BlackElo "2228"]
[PlyCount "94"]
[EventDate "2015.12.27"]
[EventType "team-swiss"]
[EventRounds "7"]
[EventCountry "GER"]
[SourceTitle "EXT 2017"]
[Source "ChessBase"]
[SourceDate "2016.10.25"]
[SourceVersion "1"]
[SourceVersionDate "2016.10.25"]
[SourceQuality "1"]
[WhiteTeam "Porz SG"]
[BlackTeam "Potsdam"]
[WhiteTeamCountry "GER"]
[BlackTeamCountry "GER"]

1. d4 Nf6 2. c4 g6 3. Nc3 d5 4. cxd5 Nxd5 5. Bd2 Bg7 6. e4 Nb6 7. Be3 Nc6 8. d5 Ne5 9. f4 Ng4 10. Bc5 Bxc3+ 11. bxc3 f5 12. Qd4 0-0 13. h3 Nf6 14. exf5 Bxf5 15. c4 Ne4 16. Nf3 Nxc5 17. Qxc5 e6 18. Kf2 exd5 19. cxd5 Be4 20. Rd1 Rxf4 21. Be2 Qd6 22. Qxd6 cxd6 23. Rd4 Raf8 24. Rhd1 Nd7 25. Ke3 Bxf3 26. Bxf3 Rxd4 27. Rxd4 Nc5 28. h4 Kg7 29. Kd2 b5 30. Ke3 Re8+ 31. Kd2 Rf8 32. Ke3 Re8+ 33. Kd2 Re7 34. Rf4 Rf7 35. Rb4 a6 36. Ke3 Re7+ 37. Kd2 Rc7 38. Rf4 Nd7 39. a4 Ne5 40. Be2 Rc5 41. Rd4 Nc4+ 42. Ke1 Ne3 43. Kf2 Nf5 44. Rb4 Rxd5 45. axb5 axb5 46. g3 Rd2 47. Ke1 Rd4 0-1

[Event "Oberliga Nord O 1415"]
[Site "Germany"]
[Date "2014.10.19"]
[Round "2.1"]
[White "Friedrich, Wiede"]
[Black "Kleeschaetzky, Rainer"]
[Result "1/2-1/2"]
[WhiteElo "2268"]
[BlackElo "2323"]
[PlyCount "41"]
[EventDate "2014.09.21"]
[EventType "team-tourn"]
[EventRounds "9"]
[EventCountry "GER"]
[SourceTitle "EXT 2016"]
[Source "ChessBase"]
[SourceDate "2015.10.08"]
[SourceVersion "1"]
[SourceVersionDate "2015.10.08"]
[SourceQuality "1"]
[WhiteTeam "Potsdam USV"]
[BlackTeam "Fuerstenwalde"]
[WhiteTeamCountry "GER"]
[BlackTeamCountry "GER"]

1. d4 d5 2. c4 c6 3. Nf3 Nf6 4. Nc3 e6 5. e3 Nbd7 6. Qc2 Bd6 7. Bd3 0-0 8. 0-0 Re8 9. e4 dxc4 10. Bxc4 e5 11. Ng5 Rf8 12. f4 exd4 13. Ne2 Bc5 14. Kh1 h6 15. Nxf7 Rxf7 16. Bxf7+ Kxf7 17. e5 Nd5 18. f5 d3 19. e6+ Kg8 20. Qxd3 N7f6 21. Nf4 1/2-1/2

[Event "Oberliga Nord O 1415"]
[Site "Germany"]
[Date "2014.09.21"]
[Round "1.1"]
[White "Moreno Tejera, Emilio"]
[Black "Friedrich, Wiede"]
[Result "1-0"]
[WhiteElo "2435"]
[BlackElo "2268"]
[PlyCount "97"]
[EventDate "2014.09.21"]
[EventType "team-tourn"]
[EventRounds "9"]
[EventCountry "GER"]
[SourceTitle "EXT 2016"]
[Source "ChessBase"]
[SourceDate "2015.10.08"]
[SourceVersion "1"]
[SourceVersionDate "2015.10.08"]
[SourceQuality "1"]
[WhiteTeam "Berlin SF III"]
[BlackTeam "Potsdam USV"]
[WhiteTeamCountry "GER"]
[BlackTeamCountry "GER"]

1. e4 e5 2. Nf3 Nf6 3. Nxe5 d6 4. Nf3 Nxe4 5. Nc3 Nxc3 6. dxc3 Be7 7. Be3 Nc6 8. Qd2 Be6 9. 0-0-0 0-0 10. Kb1 Ne5 11. Nd4 Nc4 12. Bxc4 Bxc4 13. b3 Bd5 14. Nf5 Be6 15. Nxe7+ Qxe7 16. c4 a6 17. Qc3 Rfe8 18. h4 b5 19. c5 Rad8 20. h5 h6 21. c6 Bf5 22. Rde1 Qf6 23. Qxf6 gxf6 24. Bxh6 Be4 25. Bd2 Bxc6 26. Ba5 Rc8 27. Rxe8+ Rxe8 28. Rh3 Re2 29. Rc3 Bd5 30. Bxc7 Rxf2 31. Bxd6 Rxg2 32. Rg3+ Rxg3 33. Bxg3 Kg7 34. Bf4 Kf8 35. Kb2 Ke7 36. h6 Be4 37. c4 Kd7 38. Kc3 Kc6 39. Kd4 Bg6 40. Bg3 Bh7 41. Bh4 f5 42. Bg5 bxc4 43. bxc4 Bg6 44. Be3 Kd6 45. c5+ Kc6 46. Ke5 f4 47. Bg1 Bb1 48. Kf6 f3 49. Kg7 1-0

[Event "Berlin Lichtenberger op 12th"]
[Site "Berlin"]
[Date "2013.08.23"]
[Round "7"]
[White "Friedrich, Wiede"]
[Black "Niehaus, Frank"]
[Result "1-0"]
[WhiteElo "2253"]
[BlackElo "2208"]
[PlyCount "107"]
[EventDate "2013.08.17"]
[EventType "swiss"]
[EventRounds "9"]
[EventCountry "GER"]
[SourceTitle "CBM 156 Extra"]
[Source "ChessBase"]
[SourceDate "2013.10.22"]
[SourceVersion "1"]
[SourceVersionDate "2013.10.22"]
[SourceQuality "1"]

1. e4 c5 2. Nf3 d6 3. d4 cxd4 4. Nxd4 Nf6 5. Nc3 g6 6. Be3 Bg7 7. f3 0-0 8. Qd2 Nc6 9. 0-0-0 d5 10. Kb1 Rb8 11. b3 e6 12. Nxc6 bxc6 13. Bxa7 Ra8 14. Bd4 e5 15. Bc5 Be6 16. g4 Re8 17. exd5 cxd5 18. Bb5 Qc7 19. g5 Nh5 20. Bxe8 Qxc5 21. Na4 Qc7 22. Qc3 Qe7 23. Bc6 Rd8 24. Qc5 Qxg5 25. Bxd5 Nf4 26. Bxe6 Nxe6 27. Rxd8+ Qxd8 28. Qb6 Qf6 29. Qb8+ Nf8 30. Qb6 Qxf3 31. Re1 h5 32. Qe3 Qc6 33. Qe4 Qc7 34. Nb2 Kh7 35. Qc4 Qe7 36. a4 f5 37. a5 e4 38. a6 Nd7 39. Na4 Qf6 40. c3 Ne5 41. Qb5 Qd6 42. a7 Qd2 43. Rh1 e3 44. a8Q e2 45. Qad5 e1Q+ 46. Rxe1 Qxe1+ 47. Kc2 f4 48. Qd1 Qe4+ 49. Kb2 f3 50. Nc5 Qf5 51. Qc2 Qg4 52. Nd3 Nf7 53. Nf2 Qf4 54. Qxh5+ 1-0

[Event "GER-ch U18"]
[Site "Oberhof"]
[Date "2013.05.23"]
[Round "7"]
[White "Moehn, Hans"]
[Black "Friedrich, Wiede"]
[Result "1-0"]
[WhiteElo "2156"]
[BlackElo "2260"]
[PlyCount "117"]
[EventDate "2013.05.19"]
[EventType "swiss"]
[EventRounds "9"]
[EventCountry "GER"]
[SourceTitle "CBM 154 Extra"]
[Source "ChessBase"]
[SourceDate "2013.06.25"]
[SourceVersion "2"]
[SourceVersionDate "2013.06.25"]
[SourceQuality "1"]

1. e4 c5 2. Nf3 d6 3. d4 cxd4 4. Nxd4 Nf6 5. Nc3 a6 6. Be3 e5 7. Nb3 Be7 8. h3 Be6 9. f4 0-0 10. f5 Bd7 11. Qf3 b5 12. 0-0-0 b4 13. Nd5 Nxd5 14. exd5 a5 15. Kb1 a4 16. Nd2 Qc7 17. Bd3 a3 18. Ne4 axb2 19. f6 Qa5 20. Bc4 Rc8 21. Bb3 Bf8 22. fxg7 Be7 23. Bg5 Rc3 24. Nxc3 Bxg5 25. Ne4 Be7 26. Rhf1 f5 27. Ng3 f4 28. Ne4 Bb5 29. Rf2 Nd7 30. g3 Kxg7 31. gxf4 Kh8 32. Rg2 Qd8 33. Qg4 Qg8 34. f5 Qf7 35. Rdg1 Nf6 36. Nxf6 Bxf6 37. Qxb4 Qd7 38. Qg4 Qc8 39. Qe4 Bd7 40. Rg8+ Qxg8 41. Rxg8+ Rxg8 42. Kxb2 Rf8 43. a4 Bg7 44. a5 Bxf5 45. Qb4 e4+ 46. Ka3 Ra8 47. c3 e3 48. Bc4 Rc8 49. a6 Be4 50. Qb7 Rg8 51. a7 Bxc3 52. a8Q Be5 53. Qxg8+ Kxg8 54. Qb3 Bf4 55. Bd3 Bxd3 56. Qxd3 Bg5 57. Qf5 h6 58. Qe6+ Kf8 59. Kb3 1-0

[Event "GER-ch U18"]
[Site "Oberhof"]
[Date "2013.05.21"]
[Round "5"]
[White "Friedrich, Wiede"]
[Black "Moritz, Aron"]
[Result "1-0"]
[WhiteElo "2260"]
[BlackElo "2192"]
[PlyCount "61"]
[EventDate "2013.05.19"]
[EventType "swiss"]
[EventRounds "9"]
[EventCountry "GER"]
[SourceTitle "CBM 154 Extra"]
[Source "ChessBase"]
[SourceDate "2013.06.25"]
[SourceVersion "2"]
[SourceVersionDate "2013.06.25"]
[SourceQuality "1"]

1. e4 c5 2. Nf3 d6 3. d4 cxd4 4. Nxd4 Nf6 5. Nc3 Bd7 6. f3 e5 7. Nb3 Be7 8. Be3 0-0 9. Qd2 Be6 10. 0-0-0 a5 11. a4 Na6 12. Kb1 Nb4 13. g4 Nd7 14. Qf2 Rc8 15. h4 d5 16. exd5 Rxc3 17. dxe6 Rxc2 18. Rxd7 Rxf2 19. exf7+ Kh8 20. Rxd8 Rxf1+ 21. Rxf1 Bxd8 22. Rd1 b6 23. Rd7 Nc6 24. f4 g6 25. fxe5 Nxe5 26. Rxd8 Rxd8 27. Bxb6 Rf8 28. Bd4 Rxf7 29. Bxe5+ Kg8 30. Nxa5 Re7 31. Nc4 1-0

[Event "GER-ch U18"]
[Site "Oberhof"]
[Date "2013.05.19"]
[Round "2"]
[White "Mueller, Nick"]
[Black "Friedrich, Wiede"]
[Result "1/2-1/2"]
[WhiteElo "2160"]
[BlackElo "2260"]
[PlyCount "41"]
[EventDate "2013.05.19"]
[EventType "swiss"]
[EventRounds "9"]
[EventCountry "GER"]
[SourceTitle "CBM 154 Extra"]
[Source "ChessBase"]
[SourceDate "2013.06.25"]
[SourceVersion "2"]
[SourceVersionDate "2013.06.25"]
[SourceQuality "1"]

1. c4 Nf6 2. d4 e6 3. Nf3 b6 4. g3 Ba6 5. Qc2 Bb7 6. Bg2 c5 7. d5 exd5 8. cxd5 Nxd5 9. 0-0 Be7 10. Rd1 Nf6 11. Nc3 Nc6 12. Qf5 0-0 13. e4 g6 14. Qh3 Qb8 15. Bg5 Re8 16. Qh4 Qd8 17. Bh3 h5 18. Qf4 Ng4 19. Nb5 Bxg5 20. Nxg5 Nce5 21. Nd6 1/2-1/2

[Event "GER-ch U16"]
[Site "Oberhof"]
[Date "2011.06.18"]
[Round "9"]
[White "Friedrich, Wiede"]
[Black "Goebel, Constantin"]
[Result "1/2-1/2"]
[WhiteElo "2193"]
[BlackElo "2148"]
[PlyCount "48"]
[EventDate "2011.06.11"]
[EventType "swiss"]
[EventRounds "9"]
[EventCountry "GER"]
[SourceTitle "CBM 142 Extra"]
[Source "ChessBase"]
[SourceDate "2011.06.27"]
[SourceVersion "1"]
[SourceVersionDate "2011.06.27"]
[SourceQuality "1"]

1. d4 Nf6 2. c4 e6 3. Nf3 b6 4. e3 Ba6 5. Be2 d5 6. 0-0 Bb7 7. Nc3 a6 8. Ne5 Nfd7 9. cxd5 exd5 10. Nd3 Bd6 11. Bf3 Nf6 12. Nxd5 Bxd5 13. Bxd5 Nxd5 14. e4 0-0 15. exd5 Qh4 16. Ne5 Qe4 17. Nc4 Qxd5 18. Nxd6 Qxd6 19. g3 Nc6 20. Bf4 Qd5 21. Qb3 Qd7 22. d5 Nd4 23. Qc4 Nf3+ 24. Kg2 Qg4 1/2-1/2

[Event "GER-ch U16"]
[Site "Oberhof"]
[Date "2011.06.15"]
[Round "6"]
[White "Friedrich, Wiede"]
[Black "Miller, Eduard"]
[Result "1-0"]
[WhiteElo "2193"]
[BlackElo "2118"]
[PlyCount "43"]
[EventDate "2011.06.11"]
[EventType "swiss"]
[EventRounds "9"]
[EventCountry "GER"]
[SourceTitle "CBM 142 Extra"]
[Source "ChessBase"]
[SourceDate "2011.06.27"]
[SourceVersion "1"]
[SourceVersionDate "2011.06.27"]
[SourceQuality "1"]

1. e4 e6 2. d4 d5 3. Nc3 Nf6 4. Bg5 Be7 5. e5 Nfd7 6. Bxe7 Qxe7 7. f4 0-0 8. Nf3 c5 9. Bd3 Nc6 10. Bxh7+ Kxh7 11. Ng5+ Kg6 12. Qd3+ f5 13. g4 Ndxe5 14. dxe5 Nxe5 15. Qe2 Qf6 16. Rg1 Nxg4 17. h3 Qd4 18. Nf3 Qxf4 19. hxg4 Kf6 20. gxf5 Qxf5 21. Nh4 Qh3 22. Qf2+ 1-0